| 000 | 00509cam a2200193ua 4500 | ||
|---|---|---|---|
| 001 | 8325 | ||
| 008 | 150128n ii |||gr||||Z||||||asm | ||
| 040 | _cMAIN | ||
| 041 | _aasm | ||
| 082 | _a491.451 | ||
| 100 |
_aHakacham, Upen Rabha, _eAuthor., |
||
| 245 | 1 | 2 |
_aAsamiya aru asamar bhasa-upabhasa _cby Upen Rabha Hakacham |
| 250 | _a1st. | ||
| 260 |
_aGuwahati: _bJyoti prakashan, _c2009. |
||
| 300 | _a400p. | ||
| 653 | _aEast Indo-European & Celtic languages | ||
| 653 | _aAssamese language | ||
| 942 | _cBK | ||
| 999 |
_c7436 _d7436 |
||